Most Popular Singer/Band from Every Sate - Statistics

General Stats
  • This quiz has been taken 6 times
  • The average score is 5 of 50
Answer Stats
State Singer % Correct
Indiana Michael Jackson
50%
New Hampshire Aerosmith
33%
Iowa Andy Williams
33%
Mississippi Elvis Presley
33%
Texas George Strait
33%
Michigan Madonna
33%
Pennsylvania Taylor Swift
33%
California The Beach Boys
33%
Nevada The Killers
33%
West Virginia Brad Paisley
17%
Hawaii Bruno Mars
17%
Illinois Chicago
17%
Missouri Eminem
17%
Oklahoma Garth Brooks
17%
Massachusetts James Taylor
17%
Arkansas Johnny Cash
17%
New York Mariah Carey
17%
Minnesota Prince
17%
Florida Backstreet Boys
0%
Rhode Island Billy Gilman
0%
Virginia Dave Matthews Band
0%
Kentucky Dwight Yoakam
0%
Oregon Everclear
0%
Delaware George Thorogood
0%
South Carolina Hootie & the Blowfish
0%
Maine Howie Day
0%
Utah Jewel
0%
New Mexico John Denver
0%
Kansas Kansasv
0%
Georgia Kanye West
0%
Washington Kenny G
0%
Louisiana Lil Wayne
0%
Arizona Linda Ronstadt
0%
Alabama Lionel Richie
0%
Nebraska Mannheim Steamroller
0%
Connecticut Michael Bolton
0%
Montana Nicolette Larson
0%
Idaho Paul Revere & the Raiders
0%
Vermont Phish
0%
Alaska Portugal. The Man
0%
North Carolina Randy Travis
0%
Ohio Rascal Flatts
0%
South Dakota Shawn Colvin
0%
Wyoming Spencer Bohren
0%
Wisconsin Steve Miller
0%
Colorado The Fray
0%
Tennessee Tina Turner
0%
Maryland Toni Braxton
0%
New Jersey Whitney Houston
0%
North Dakota Wiz Khalifa
0%
No matching quizzes found
Score Distribution
Percent of People with Each Score
Percentile by Number Answered
Your Score History
You have not taken this quiz